Statistiques concernant A-Z : Éléments chimiques les plus légers

Cliquez ici pour prendre le quiz!

Statistiques générales

  • Ce quiz a été pris 3 676 fois
  • Le résultat moyen est 10 sur 23

Statistiques - réponses

LettreÉlément% Correct
HHydrogène
84%
OOxygène
80%
AAzote
79%
CCarbone
77%
FFluor
59%
UUranium
59%
MMagnésium
49%
LLithium
48%
XXénon
46%
NNéon
45%
ZZinc
45%
PPhosphore
43%
BBéryllium
42%
SSodium
41%
KKrypton
31%
GGallium
29%
TTitane
28%
VVanadium
27%
EÉtain
25%
YYttrium
24%
IIndium
17%
RRubidium
14%
DDysprosium
9%

Distribution des résultats

Percentile par nombre de réponses

% des personnes avec chaque résultat

Votre développement - résultats

Vous n’avez pas pris ce quiz